000 01081nam a2200301 a 4500
001 015587540
003 Uk
005 20150408113918.0
008 101112s2011 nyua b 001 0 eng d
015 _aGBB139427
_2bnb
020 _a9780071221399 (pbk.) :
_c£38.99
020 _a0071221395 (pbk.) :
_c£38.99
040 _aStDuBDS
_beng
_cStDuBDS
_dUk
042 _aukblcatcopy
082 0 4 _a004
_222
_bWBU
100 1 _aWilliams, Brian K.,
_d1938-
_94167
245 1 0 _aUsing information technology :
_ba practical introduction to computers & communications : complete version /
_cBrian K. Williams, Stacey C. Sawyer.
250 _a9th ed., International student ed.
260 _aNew York ;
_aLondon :
_bMcGraw-Hill,
_cc2011.
300 _axxviii, 577 p. :
_bill. (chiefly col.) ;
_c28 cm.
500 _aPrevious ed.: 2010.
500 _aText on inside covers.
504 _aIncludes bibliographical references and index.
650 0 _aInformation technology.
700 1 _aSawyer, Stacey C.
_94168
942 _2ddc
_cDVD
999 _c14304
_d248804